Мы все из детства, из войны. Воспоминания сирот Великой Отечественной войны

Dettagli Bibliografici
Altri autori: Былина Н. (составитель)
Riassunto:Эта книга - коллективный труд. В ней собраны письма, воспоминания, стихи, рассказы детей войны (теперь уже пенсионеров), чьи отцы погибли в годы Великой Отечественной войны. Сироты войны поделились воспоминаниями о своем безотцовском, безрадостном детстве, о горестях и лишениях, выпавших на их долю, долю матерей-вдов. Письма, воспоминания даны в авторском изложении. Книга адресована тем, кому дорога память о наших земляках, погибших на фронтах Великой Отечественной войны, дорога история нашей страны, отраженная в судьбах людей.
Lingua:russo
Pubblicazione: Томск, Томский ЦНТИ, 2006
Soggetti:
Natura: MixedMaterials Libro
KOHA link:https://koha.lib.tpu.ru/cgi-bin/koha/opac-detail.pl?biblionumber=305127

MARC

LEADER 00000nam0a2200000 4500
001 305127
005 20231102001754.0
035 |a (RuTPU)RU\TPU\book\330393 
090 |a 305127 
100 |a 20150924d2006 m y0rusy50 ca 
101 0 |a rus 
102 |a RU 
105 |a a z 000ad 
200 1 |a Мы все из детства, из войны. Воспоминания сирот Великой Отечественной войны  |f сост. Н. Былина 
210 |a Томск  |c Томский ЦНТИ  |d 2006 
215 |a 320 с.  |c ил. 
330 |a Эта книга - коллективный труд. В ней собраны письма, воспоминания, стихи, рассказы детей войны (теперь уже пенсионеров), чьи отцы погибли в годы Великой Отечественной войны. Сироты войны поделились воспоминаниями о своем безотцовском, безрадостном детстве, о горестях и лишениях, выпавших на их долю, долю матерей-вдов. Письма, воспоминания даны в авторском изложении. Книга адресована тем, кому дорога память о наших земляках, погибших на фронтах Великой Отечественной войны, дорога история нашей страны, отраженная в судьбах людей. 
606 1 |a Томская область в Великой Отечественной войне 1941-1945  |2 stltpush  |3 (RuTPU)RU\TPU\subj\66914  |9 82890 
610 1 |a письма 
610 1 |a Россия 
610 1 |a история 
610 1 |a 20 век 
610 1 |a войны 
610 1 |a дети 
610 1 |a детство 
610 1 |a Томск 
610 1 |a Великая Отечественная война 1941-1945 
610 1 |a воспоминания 
686 |a Т3(2)622-9ю14  |v LBC/SL-A  |2 rubbk 
702 1 |a Былина  |b Н.  |4 220 
801 1 |a RU  |b 63413507  |c 20150924 
801 2 |a RU  |b 63413507  |c 20151002  |g RCR 
942 |c BK